[Event "ProMoPro Open 2003"]
[Site "?"]
[Date "2003.09.09"]
[Round "4.21"]
[White "Kudrna, Jakub"]
[Black "Matocha, Pavel"]
[Result "1/2-1/2"]
[WhiteElo "1796"]
[BlackElo "1998"]
[PlyCount "33"]
[EventDate "2003.09.06"]

1. d4 Nf6 2. c4 e6 3. Nf3 d5 4. Bg5 Be7 5. e3 O-O 6. Nc3 Nbd7 7. Rc1 b6 8. cxd5
Nxd5 9. Bxe7 Nxe7 10. Bd3 Bb7 11. O-O Nf6 12. Re1 Rc8 13. Qe2 c5 14. Red1 cxd4
15. Nxd4 Ned5 16. Nf3 Qe7 17. Nxd5 {remis} 1/2-1/2

[Event "ProMoPro Open 2003"]
[Site "?"]
[Date "2003.09.09"]
[Round "4.22"]
[White "Korsa, Jindrich"]
[Black "Kriz, Pavel"]
[Result "0-1"]
[WhiteElo "1995"]
[BlackElo "1792"]
[PlyCount "52"]
[EventDate "2003.09.06"]

1. e4 c5 2. Nf3 a6 3. d4 cxd4 4. Nxd4 Nf6 5. Nc3 e5 6. Nb3 Bb4 7. Bd2 d6 8. Bd3
Be6 9. O-O Nbd7 10. Re1 Nc5 11. a3 Bxb3 12. axb4 Nxd3 13. Re3 Nxb2 14. Qb1 Nc4
15. Qxb3 Nxd2 16. Qa4+ Qd7 17. b5 Rc8 18. Qb4 Rc4 19. Qb2 O-O 20. f3 Rfc8 21.
Rd3 Qc7 22. Ra3 Rd4 23. bxa6 bxa6 24. Rxa6 Rxd3 25. cxd3 Qc5+ 26. Kh1 Qf2 {
bily se vzdal} 0-1

[Event "ProMoPro Open 2003"]
[Site "?"]
[Date "2003.09.09"]
[Round "4.23"]
[White "Steinhauser, Frantisek"]
[Black "Nemcova, Katerina"]
[Result "1/2-1/2"]
[WhiteElo "1763"]
[BlackElo "2031"]
[PlyCount "105"]
[EventDate "2003.09.06"]

1. e4 d5 2. exd5 Nf6 3. d4 Nxd5 4. Bc4 Nc6 5. Nf3 Bg4 6. Nc3 e6 7. Nxd5 exd5 8.
Bb5 Be7 9. h3 Bh5 10. O-O O-O 11. Bxc6 bxc6 12. g4 Bg6 13. Ne5 Bd6 14. Bf4 Bxe5
15. Bxe5 f5 16. f4 Qd7 17. g5 Rfe8 18. b4 Qf7 19. h4 Bh5 20. Qd3 Bg4 21. Rf2
Qh5 22. Rh2 Rab8 23. c3 Re7 24. Kf2 Rb6 25. Kg3 Qf7 26. Rah1 Bh5 27. a4 Qe6 28.
Re1 Qc8 29. a5 Rb5 30. Re3 Qf8 31. Rb2 Qf7 32. Re1 Bg4 33. Ra1 Qh5 34. Rf2 h6
35. Rh2 Kf7 36. Rah1 Ke8 37. Re1 Kd8 38. Reh1 Kc8 39. Ra1 a6 40. Rah1 Kb7 41.
Rb1 Ka7 42. Ra1 Rb8 43. Rhh1 Rh8 44. Qf1 Kb7 45. Qd3 Rh7 46. Qf1 Re8 47. Qd3
Reh8 48. Qf1 Qf7 49. Qf2 Qh5 50. Qf1 Qf7 51. Qf2 Qh5 52. Qf1 Qf7 53. Qf2 {remis
} 1/2-1/2

[Event "ProMoPro Open 2003"]
[Site "?"]
[Date "2003.09.09"]
[Round "4.24"]
[White "Dlouhy, David"]
[Black "Hejl, Jaroslav"]
[Result "1-0"]
[WhiteElo "1974"]
[BlackElo "1709"]
[PlyCount "99"]
[EventDate "2003.09.06"]

1. d4 Nf6 2. c4 e6 3. Nc3 b6 4. Bg5 Bb7 5. e3 h6 6. Bxf6 Qxf6 7. Nf3 Bb4 8. Rc1
O-O 9. a3 Be7 10. Be2 c5 11. d5 exd5 12. cxd5 d6 13. O-O Na6 14. Qa4 Nc7 15.
Rcd1 Rfc8 16. Ne1 Qg6 17. e4 a6 18. Qd7 Bf8 19. a4 Rab8 20. Rd3 b5 21. Rg3 Qf6
22. Bh5 Qe7 23. Qxe7 Bxe7 24. b3 b4 25. Nd1 a5 26. Be2 Bf6 27. Nc2 Re8 28. Bd3
Bh4 29. Rf3 Rbc8 30. g3 Bf6 31. Re1 Ba6 32. Rfe3 Bxd3 33. Rxd3 Na6 34. Nde3
Rxe4 35. Nc4 Rce8 36. Rxe4 Rxe4 37. Nxd6 Re2 38. Ne3 Bd8 39. Nb7 Bb6 40. Kf1 c4
41. Kxe2 cxd3+ 42. Kxd3 Nb8 43. f3 Kf8 44. Nc4 Nd7 45. Nxb6 Nxb6 46. Kd4 Ke7
47. Nxa5 Kd6 48. Nc4+ Kc7 49. Nxb6 Kxb6 50. Kc4 {cerny se vzdal} 1-0

[Event "ProMoPro Open 2003"]
[Site "?"]
[Date "2003.09.09"]
[Round "4.25"]
[White "Hoskovec, Josef"]
[Black "Kalousek, Zdenek"]
[Result "0-1"]
[WhiteElo "1891"]
[BlackElo "1250"]
[PlyCount "104"]
[EventDate "2003.09.06"]

1. e4 e5 2. Nc3 Nc6 3. Nf3 Nf6 4. d4 Bb4 5. d5 Nxe4 6. dxc6 Nxc3 7. bxc3 Bxc3+
8. Bd2 Bxa1 9. Qxa1 d6 10. Bb5 O-O 11. O-O bxc6 12. Bxc6 Rb8 13. Bg5 f6 14. Be3
Bb7 15. Qc3 Bxc6 16. Qxc6 Qc8 17. Qc4+ Kh8 18. Bxa7 Ra8 19. Be3 Qa6 20. Qxc7
Rfc8 21. Qe7 Re8 22. Qc7 Rac8 23. Qf7 Rf8 24. Qe7 Qxa2 25. h3 d5 26. c3 Qc4 27.
Rb1 Qc7 28. Qe6 Qc6 29. Qe7 Rfe8 30. Qf7 Qe6 31. Qb7 Rxc3 32. Rb6 Qg8 33. Nh4
d4 34. Bd2 Rc2 35. Rb2 Rxb2 36. Qxb2 Qe6 37. g4 h5 38. Nf5 hxg4 39. hxg4 g6 40.
Nh6 Kg7 41. Qb7+ Qe7 42. Qb3 e4 43. g5 f5 44. Qb6 Qd7 45. Qf6+ Kh7 46. Nf7 e3
47. fxe3 dxe3 48. Bxe3 Qe7 49. Ne5 Qxe5 50. Qf7+ Kh8 51. Qf6+ Qxf6 52. gxf6
Rxe3 {bily se vzdal} 0-1

[Event "ProMoPro Open 2003"]
[Site "?"]
[Date "2003.09.09"]
[Round "4.26"]
[White "Konopka, Lukas"]
[Black "Horinek, Karel"]
[Result "0-1"]
[WhiteElo "1669"]
[BlackElo "1946"]
[PlyCount "116"]
[EventDate "2003.09.06"]

1. e4 c5 2. Nf3 e6 3. Nc3 Nc6 4. g3 d6 5. Bg2 Nf6 6. O-O Rb8 7. d3 Be7 8. Ne1
b5 9. f4 Qb6 10. Be3 O-O 11. g4 b4 12. Na4 Qa5 13. b3 Qd8 14. Nb2 d5 15. e5 Nd7
16. Nf3 f6 17. d4 cxd4 18. Nxd4 Nxd4 19. Bxd4 fxe5 20. fxe5 Qc7 21. Nd3 Ba6 22.
Qe1 Qxc2 23. Rxf8+ Nxf8 24. Nf4 Bc5 25. Qe3 Qb2 26. Rd1 Bxd4 27. Rxd4 Rc8 28.
Rd1 Rc2 29. Qd4 Bc8 30. Qxb2 Rxb2 31. Nd3 Rxa2 32. Nxb4 Rb2 33. Nc6 Bd7 34. Nd4
Ng6 35. Bxd5 exd5 36. e6 Be8 37. Rc1 Kf8 38. Rc7 Ne7 39. Rxa7 Nc6 40. Nxc6 Bxc6
41. Rf7+ Kg8 42. Rd7 h6 43. Rd8+ Kh7 44. Rd6 Be8 45. Rxd5 Rxb3 46. Rd8 Bg6 47.
Kf2 Rb6 48. g5 h5 49. h4 Rxe6 50. Rd4 Re4 51. Rxe4 Bxe4 52. Ke3 Bb1 53. Kf4 Kg6
54. Ke5 Kf7 55. Kd6 g6 56. Kd7 Bc2 57. Kd6 Ba4 58. Kd5 Ke7 {bily se vzdal} 0-1

[Event "ProMoPro Open 2003"]
[Site "?"]
[Date "2003.09.09"]
[Round "4.27"]
[White "Hybl, Vladislav"]
[Black "Kudela, Stanislav"]
[Result "0-1"]
[WhiteElo "1827"]
[BlackElo "2178"]
[PlyCount "36"]
[EventDate "2003.09.06"]

1. f4 d5 2. Nf3 c5 3. e3 Nc6 4. d4 cxd4 5. exd4 Bg4 6. Be3 Qb6 7. Be2 Qxb2 8.
Nbd2 Qc3 9. Bf2 Bxf3 10. Bxf3 e6 11. O-O Nxd4 12. Rc1 Bc5 13. Kh1 Nxf3 14. Bxc5
Nxd2 15. Re1 Qxc5 16. Qxd2 Ne7 17. c4 O-O 18. Re5 Rac8 {bily se vzdal} 0-1

[Event "ProMoPro Open 2003"]
[Site "?"]
[Date "2003.09.09"]
[Round "4.28"]
[White "Hampel, Rudolf"]
[Black "Steinhauser, Antonin"]
[Result "1-0"]
[WhiteElo "1757"]
[BlackElo "1913"]
[PlyCount "95"]
[EventDate "2003.09.06"]

1. e4 c5 2. Nc3 Nc6 3. f4 d6 4. Nf3 e6 5. Bc4 Nge7 6. d3 g6 7. O-O Bg7 8. Qe1
O-O 9. Qh4 Na5 10. f5 Nec6 11. fxe6 fxe6 12. Bg5 Qd7 13. Bh6 Nxc4 14. dxc4 Bxh6
15. Qxh6 Qg7 16. Qd2 Rd8 17. Qf4 h6 18. Rad1 e5 19. Qg3 a6 20. Rf2 Kh7 21. Nd5
Be6 22. c3 Rac8 23. h4 Kh8 24. Nb6 Kh7 25. Nxc8 Bxc8 26. Rdf1 Be6 27. b3 a5 28.
Nh2 a4 29. Ng4 Na5 30. Rb1 Rf8 31. Rxf8 Qxf8 32. Qf3 Qc8 33. Nf6+ Kg7 34. Nd5
Qd8 35. Qf2 Bg8 36. g3 Be6 37. bxa4 Bc8 38. Rf1 Be6 39. Qe2 Bg8 40. Kg2 Be6 41.
Qb2 Qd7 42. Rb1 Qxa4 43. Qf2 Bxd5 44. exd5 Qxc4 45. Rf1 Qxd5+ 46. Kh2 Qg8 47.
Qf6+ Kh7 48. Qe7+ {cerny se vzdal} 1-0

[Event "ProMoPro Open 2003"]
[Site "?"]
[Date "2003.09.09"]
[Round "4.29"]
[White "Kosar, Milan"]
[Black "Cebis, Petr"]
[Result "1/2-1/2"]
[WhiteElo "1713"]
[BlackElo "1852"]
[PlyCount "103"]
[EventDate "2003.09.06"]

1. e4 e6 2. d4 d5 3. Nc3 Bb4 4. Bd2 dxe4 5. Qg4 Nf6 6. Qxg7 Rg8 7. Qh6 Rg6 8.
Qe3 Ng4 9. Qxe4 Bd7 10. Nh3 Bc6 11. Qd3 Qh4 12. O-O-O Nxf2 13. Nxf2 Qxf2 14.
Re1 Be7 15. d5 Bxd5 16. Nxd5 exd5 17. Qxd5 Rd6 18. Bb5+ Nc6 19. Bxc6+ bxc6 20.
Qa5 Rad8 21. Bb4 c5 22. Bxc5 Qf4+ 23. Kb1 Re6 24. Bxe7 Kxe7 25. Rxe6+ fxe6 26.
Qxa7 Qxh2 27. Qc5+ Ke8 28. Rf1 Rd6 29. Qb5+ Ke7 30. Qg5+ Kd7 31. Qg7+ Kc6 32.
Qc3+ Kd7 33. Qh3 Qf4 34. Qxh7+ Kc6 35. Qh1 Qg3 36. a3 e5 37. Qh3 Qg6 38. Qc3+
Kd5 39. Rd1+ Ke6 40. Qh3+ Ke7 41. Rh1 Qf7 42. Qh5 Qd5 43. Qf3 e4 44. Rh7+ Ke8
45. Qh5+ Qxh5 46. Rxh5 Rd1+ 47. Ka2 Kf7 48. Re5 Re1 49. Kb3 Kf6 50. Re8 Kf7 51.
Re5 Kf6 52. Re8 {remis} 1/2-1/2

[Event "ProMoPro Open 2003"]
[Site "?"]
[Date "2003.09.09"]
[Round "4.30"]
[White "Erneker, Josef"]
[Black "Listopad, Martin"]
[Result "1-0"]
[WhiteElo "1990"]
[BlackElo "1823"]
[PlyCount "109"]
[EventDate "2003.09.06"]

1. c4 c5 2. Nc3 Nc6 3. g3 g6 4. Bg2 Bg7 5. e4 d6 6. Nge2 Nf6 7. O-O O-O 8. h3
Bd7 9. d3 a6 10. Be3 Rb8 11. Qd2 b5 12. Rad1 b4 13. Nd5 Ne8 14. Bh6 e6 15. Bxg7
Nxg7 16. Ne3 Nd4 17. b3 h5 18. f4 g5 19. fxg5 Nxe2+ 20. Qxe2 Qxg5 21. Qf2 f5
22. Qf4 Qxf4 23. Rxf4 e5 24. Rf2 h4 25. Nxf5 Nxf5 26. exf5 hxg3 27. Rf3 Rxf5
28. Rxg3+ Kh8 29. Rg6 Rh5 30. Kh2 Rb6 31. Rf1 Bf5 32. Rg3 Rb8 33. Bd5 Rf8 34.
Be4 Kh7 35. Rxf5 Rfxf5 36. Rf3 Kg6 37. Rxf5 Rxf5 38. Bxf5+ Kxf5 39. Kg3 Kg5 40.
h4+ Kf5 41. Kf3 a5 42. Kg3 Kf6 43. Kg4 Ke6 44. Kg5 e4 45. dxe4 Ke5 46. h5 Kd4
47. h6 Kc3 48. h7 Kb2 49. h8=Q+ Kxa2 50. e5 dxe5 51. Qxe5 Kxb3 52. Qxc5 a4 53.
Qd4 a3 54. c5 a2 55. c6 {cerny se vzdal} 1-0

[Event "ProMoPro Open 2003"]
[Site "?"]
[Date "2003.09.09"]
[Round "4.31"]
[White "Steinhauser, Dominik"]
[Black "Janota, Jiri"]
[Result "1-0"]
[WhiteElo "1571"]
[BlackElo "1793"]
[PlyCount "73"]
[EventDate "2003.09.06"]

1. e4 e6 2. d4 d5 3. e5 c5 4. c3 Qb6 5. Nf3 Nc6 6. Bd3 Nge7 7. O-O cxd4 8. cxd4
Ng6 9. Nc3 Bb4 10. Na4 Qa5 11. a3 Be7 12. Bd2 Qd8 13. Rc1 O-O 14. b4 a6 15. Nc5
b6 16. Nxe6 Bxe6 17. Rxc6 Bg4 18. h3 Bd7 19. Rc3 a5 20. b5 Rc8 21. Rxc8 Qxc8
22. Kh2 f6 23. a4 fxe5 24. dxe5 Bf5 25. Bxf5 Qxf5 26. Be3 d4 27. Qxd4 Rd8 28.
Qc4+ Kf8 29. Bxb6 Rc8 30. Qd4 Nf4 31. Qe3 Nd5 32. Qd4 Nxb6 33. Qxb6 Bc5 34.
Qxa5 Qf4+ 35. Kg1 Qg3 36. Qd2 h6 37. Qd6+ {cerny se vzdal} 1-0

[Event "ProMoPro Open 2003"]
[Site "?"]
[Date "2003.09.08"]
[Round "3.1"]
[White "Londyn, Radek"]
[Black "Jirka, Jiri"]
[Result "0-1"]
[WhiteElo "2152"]
[BlackElo "2400"]
[PlyCount "52"]
[EventDate "2003.09.06"]

1. d4 d5 2. c4 c6 3. Nc3 Nf6 4. Nf3 a6 5. e3 b5 6. b3 Bf5 7. Bd3 Bxd3 8. Qxd3
e6 9. O-O Be7 10. a3 Nbd7 11. e4 dxe4 12. Nxe4 O-O 13. Bf4 Nxe4 14. Qxe4 Rc8
15. Rfd1 Re8 16. Ne5 Nf6 17. Qf3 Qb6 18. g4 Qb7 19. g5 Nd7 20. Qh5 Nxe5 21.
Bxe5 c5 22. d5 exd5 23. cxd5 Bf8 24. f4 c4 25. d6 {#} 25... cxb3 26. d7 Rc2 {
bily se vzdal} 0-1

[Event "ProMoPro Open 2003"]
[Site "?"]
[Date "2003.09.08"]
[Round "3.2"]
[White "Soural, Jan"]
[Black "Cernousek, Lukas"]
[Result "0-1"]
[WhiteElo "2143"]
[BlackElo "2293"]
[PlyCount "52"]
[EventDate "2003.09.06"]

1. d4 d5 2. c4 c6 3. Nc3 Nf6 4. Nf3 e6 5. Bg5 dxc4 6. e4 b5 7. e5 h6 8. Bh4 g5
9. Nxg5 hxg5 10. Bxg5 Nbd7 11. g3 Bb7 12. Bg2 Qc7 13. exf6 c5 14. d5 b4 15. Nb5
Qb6 16. dxe6 Qxe6+ 17. Kf1 O-O-O 18. Bxb7+ Kxb7 19. Qf3+ Qc6 20. Qxc6+ Kxc6 21.
Nxa7+ Kb6 22. Rd1 Kxa7 23. Rd5 Bh6 24. f4 Bxg5 25. fxg5 Nxf6 26. Rxc5 Ne4 {
bily se vzdal} 0-1

[Event "ProMoPro Open 2003"]
[Site "?"]
[Date "2003.09.08"]
[Round "3.3"]
[White "Studnicka, Tomas"]
[Black "Podbrdsky, Pavel"]
[Result "1-0"]
[WhiteElo "2282"]
[BlackElo "2142"]
[PlyCount "76"]
[EventDate "2003.09.06"]

1. d4 Nf6 2. c4 e6 3. Nc3 d5 4. cxd5 exd5 5. Bg5 Be7 6. e3 c6 7. Bd3 O-O 8.
Nge2 Nbd7 9. Qc2 Re8 10. h3 Nf8 11. O-O-O Be6 12. g4 b5 13. Kb1 a6 14. f4 Ne4
15. Bxe4 dxe4 16. Bxe7 Qxe7 17. f5 Bd5 18. Nf4 Qb7 19. Qf2 Nd7 20. g5 b4 21.
Na4 Qb5 22. b3 Nb6 23. Nxb6 Qxb6 24. f6 a5 25. fxg7 a4 26. Nh5 Re6 27. bxa4 b3
28. Rd2 Rxa4 29. Nf6+ Rxf6 30. gxf6 bxa2+ 31. Ka1 Rb4 32. Rb2 c5 33. dxc5 Qxc5
34. Rxb4 Qxb4 35. Qb2 Qd6 36. Rd1 Qg3 37. Rxd5 Qe1+ 38. Kxa2 Qa5+ {
cerny se vzdal} 1-0

[Event "ProMoPro Open 2003"]
[Site "?"]
[Date "2003.09.08"]
[Round "3.5"]
[White "Pirklova, Hana"]
[Black "Stross, Frantisek"]
[Result "1-0"]
[WhiteElo "2139"]
[BlackElo "2229"]
[PlyCount "65"]
[EventDate "2003.09.06"]

1. e4 c5 2. Nf3 e6 3. d4 cxd4 4. Nxd4 Nf6 5. Bd3 Nc6 6. Be3 d5 7. Nxc6 bxc6 8.
exd5 cxd5 9. O-O Be7 10. Bd4 O-O 11. Nd2 Nd7 12. f4 Bf6 13. Bxf6 Nxf6 14. Kh1
Qb6 15. Rb1 Ba6 16. Nf3 Bxd3 17. Qxd3 Ne4 18. Qe2 Rfc8 19. Ne5 g6 20. g4 Qc7
21. Rbc1 Rab8 22. Nd3 Qc4 23. a3 Rxb2 24. Qe3 Rb6 25. f5 exf5 26. gxf5 Nc3 27.
fxg6 fxg6 28. Rf4 Qc6 29. Ne5 Qe6 30. Rcf1 Ne4 31. Nf7 Ng5 32. Nh6+ Kg7 33.
Qd4+ {# cerny se vzdal} 1-0

[Event "ProMoPro Open 2003"]
[Site "?"]
[Date "2003.09.08"]
[Round "3.6"]
[White "Hackel, Ludek"]
[Black "Csala, Jan"]
[Result "1/2-1/2"]
[WhiteElo "2107"]
[BlackElo "2204"]
[PlyCount "69"]
[EventDate "2003.09.06"]

1. d4 Nf6 2. Nf3 g6 3. c4 Bg7 4. g3 O-O 5. Bg2 c5 6. d5 d6 7. Nc3 Nbd7 8. O-O
Re8 9. h3 Rb8 10. e4 a6 11. a4 h6 12. Be3 Kh7 13. Qc2 Nb6 14. b3 e5 15. dxe6
Bxe6 16. Rad1 Qe7 17. g4 Nfd7 18. Nd5 Bxd5 19. exd5 Ne5 20. Nxe5 Qxe5 21. b4
Nd7 22. bxc5 dxc5 23. Qd2 Qd6 24. Bf4 Ne5 25. Kh1 b5 26. axb5 axb5 27. cxb5
Rxb5 28. Rb1 Reb8 29. Rxb5 Rxb5 30. Re1 Rb4 31. Qe3 f6 32. Rc1 c4 33. Be4 Rb3
34. Rc3 Qb4 35. Bxe5 {remis} 1/2-1/2

[Event "ProMoPro Open 2003"]
[Site "?"]
[Date "2003.09.08"]
[Round "3.7"]
[White "Neuman, Petr"]
[Black "Novak, Jindrich"]
[Result "1-0"]
[WhiteElo "2438"]
[BlackElo "2020"]
[PlyCount "127"]
[EventDate "2003.09.06"]

1. d4 b5 2. e4 a6 3. Be3 Bb7 4. f3 e6 5. Bd3 Nf6 6. Nd2 d6 7. a4 c6 8. Ne2 Nbd7
9. O-O Qb6 10. c4 bxa4 11. Qxa4 e5 12. b4 exd4 13. Bxd4 c5 14. bxc5 dxc5 15.
Bf2 Bd6 16. Qc2 Ne5 17. Nc3 Nxd3 18. Qxd3 Qc7 19. g3 Be5 20. Rab1 O-O 21. Nd5
Nxd5 22. cxd5 a5 23. Rfc1 Bd6 24. Nc4 Ba6 25. Qa3 Bxc4 26. Rxc4 f5 27. e5 Bxe5
28. Rxc5 Qd8 29. Qa4 Bd6 30. Rc6 Qd7 31. Qc4 a4 32. Rbb6 Be5 33. f4 Bf6 34. Rc7
Qd8 35. d6+ Kh8 36. Ra6 a3 37. Bc5 Bb2 38. Kf2 Re8 39. Rxa8 Qxa8 40. d7 Rd8 41.
Qe6 Qe4 42. Qxe4 fxe4 43. Rc8 Bf6 44. Bxa3 Kg8 45. Bb2 Be7 46. Ke3 Kf7 47. Rxd8
Bxd8 48. Kxe4 Ke6 49. Bxg7 Bb6 50. g4 Kxd7 51. h4 Ke6 52. h5 Ba5 53. g5 Kf7 54.
Bd4 Bd2 55. Be3 Bc3 56. f5 Bb2 57. g6+ Kg8 58. Bd4 Bc1 59. f6 hxg6 60. hxg6 Ba3
61. Kf5 Be7 62. f7+ Kf8 63. Ke6 Bf6 64. Bc5+ {cerny se vzdal} 1-0

[Event "ProMoPro Open 2003"]
[Site "?"]
[Date "2003.09.08"]
[Round "3.8"]
[White "Urbankova, Eva"]
[Black "Bernasek, Vaclav"]
[Result "1-0"]
[WhiteElo "2172"]
[BlackElo "1990"]
[PlyCount "71"]
[EventDate "2003.09.06"]

1. d4 Nf6 2. c4 g6 3. Nc3 Bg7 4. e4 d6 5. h3 O-O 6. Bg5 c5 7. d5 h6 8. Be3 e6
9. Nf3 exd5 10. exd5 Nbd7 11. Bd3 Kh7 12. O-O Re8 13. Qc2 Ne5 14. Nxe5 Rxe5 15.
Bf4 Re7 16. Rfe1 a6 17. a4 Rb8 18. Kf1 Nh5 19. Bh2 Nf6 20. Rxe7 Qxe7 21. Re1
Qd8 22. Qe2 Bf8 23. Qf3 Kg7 24. Bf4 Nh5 25. Bd2 Bd7 {#} 26. Bxh6+ Kg8 27. Bd2
Ng7 28. Ne4 Be7 29. Bc3 Nf5 30. g4 Nd4 31. Qe3 Bf8 32. Qf4 Qh4 33. Nf6+ Kg7 34.
Nxd7 Qxh3+ 35. Kg1 Rd8 36. Bxd4+ {cerny se vzdal} 1-0

[Event "ProMoPro Open 2003"]
[Site "?"]
[Date "2003.09.08"]
[Round "3.9"]
[White "Dusek, Martin"]
[Black "Kubikova, Hana"]
[Result "1/2-1/2"]
[WhiteElo "2146"]
[BlackElo "2145"]
[PlyCount "34"]
[EventDate "2003.09.06"]

1. d4 Nf6 2. Nf3 g6 3. g3 Bg7 4. Bg2 O-O 5. O-O d6 6. c4 Nbd7 7. Qc2 e5 8. Rd1
Qe7 9. Nc3 c6 10. e4 Re8 11. h3 a5 12. Bg5 h6 13. dxe5 Nxe5 14. Bxf6 Qxf6 15.
Nxe5 dxe5 16. Na4 Be6 17. Nc5 Qe7 {remis} 1/2-1/2

[Event "ProMoPro Open 2003"]
[Site "?"]
[Date "2003.09.08"]
[Round "3.10"]
[White "Matocha, Pavel"]
[Black "Hausner, Ivan"]
[Result "0-1"]
[WhiteElo "1998"]
[BlackElo "2441"]
[PlyCount "86"]
[EventDate "2003.09.06"]

1. e4 c5 2. Nf3 a6 3. c4 e6 4. Nc3 Nc6 5. d4 cxd4 6. Nxd4 Nge7 7. Bg5 Qb6 8.
Nb3 Ng6 9. Be3 Qc7 10. c5 d6 11. Be2 dxc5 12. Nxc5 Bd6 13. g3 O-O 14. O-O Rd8
15. Qc1 b5 16. Rd1 Bxc5 17. Bxc5 Bb7 18. Qe3 Rxd1+ 19. Rxd1 Rd8 20. Rxd8+ Qxd8
21. Qd3 Qxd3 22. Bxd3 Nge5 23. Be2 Nd7 24. Bd6 Nd4 25. Kf1 Nxe2 26. Kxe2 f6 27.
f4 Kf7 28. e5 fxe5 29. fxe5 Kg6 30. Ke3 Kg5 31. Kd4 Kg4 32. Ne2 g5 33. h4 Bf3
34. Ng1 Bd1 35. hxg5 Kxg3 36. Ke3 Kg2 37. Ne2 Bxe2 38. Kxe2 Kg3 39. Ke3 Kg4 40.
b3 Kxg5 41. Ke4 Kg4 42. a4 h5 43. axb5 axb5 {bily se vzdal} 0-1

[Event "ProMoPro Open 2003"]
[Site "?"]
[Date "2003.09.08"]
[Round "3.11"]
[White "Stehno, Pavel"]
[Black "Havrlik, Pavel"]
[Result "1-0"]
[WhiteElo "2327"]
[BlackElo "2003"]
[PlyCount "91"]
[EventDate "2003.09.06"]

1. e4 Nc6 2. d4 d5 3. e5 Bf5 4. Nf3 e6 5. Bd3 Bg4 6. c3 Nge7 7. O-O h5 8. Bg5
a6 9. a4 Qc8 10. Nbd2 h4 11. h3 Bf5 12. Nb3 Bxd3 13. Qxd3 Nf5 14. a5 Nb8 15.
Rac1 Qd7 16. c4 dxc4 17. Qxc4 c6 18. Nc5 Bxc5 19. dxc5 Qc7 20. b4 Nd7 21. Rfe1
Nf8 22. Rcd1 Ng6 23. Rd3 Nge7 24. Bxh4 Nxh4 25. Nxh4 Nd5 26. Nf3 O-O-O 27. Rd4
Qe7 28. Rg4 f5 29. exf6 gxf6 30. Nd4 e5 31. f4 Rdg8 32. fxe5 Rxg4 33. hxg4 Qh7
34. Nf3 fxe5 35. Kf2 Re8 36. Re4 Nf6 37. Rxe5 Rxe5 38. Nxe5 Qh4+ 39. Kf3 Nd5
40. Qe4 Kc7 41. Nd3 Qf6+ 42. Qf5 Qd4 43. Qe5+ Qxe5 44. Nxe5 Kd8 45. Nd3 Kd7 46.
g5 {cerny se vzdal} 1-0

[Event "ProMoPro Open 2003"]
[Site "?"]
[Date "2003.09.08"]
[Round "3.12"]
[White "Korsa, Jindrich"]
[Black "Forman, Stepan"]
[Result "0-1"]
[WhiteElo "1995"]
[BlackElo "2252"]
[PlyCount "49"]
[EventDate "2003.09.06"]

1. e4 c5 2. Nf3 e6 3. d4 cxd4 4. Nxd4 a6 5. Bd3 Qc7 6. Nc3 g6 7. Be3 Bg7 8. Qd2
b5 9. O-O Bb7 10. f4 Ne7 11. f5 Be5 12. Nf3 gxf5 13. Nxe5 Qxe5 14. exf5 Rg8 15.
Rf2 b4 16. fxe6 dxe6 17. Ne2 Nbc6 18. c4 O-O-O 19. Bf4 Qc5 20. Rd1 Ne5 21. Be3
Qc7 22. Bf4 Rxd3 23. Qxd3 Nxd3 24. Bxc7 Nxf2 25. Kxf2 {bily se vzdal} 0-1

[Event "ProMoPro Open 2003"]
[Site "?"]
[Date "2003.09.08"]
[Round "3.13"]
[White "Vedral, Oldrich"]
[Black "Rmoutil, Martin"]
[Result "1-0"]
[WhiteElo "2212"]
[BlackElo "1841"]
[PlyCount "39"]
[EventDate "2003.09.06"]

1. e4 e5 2. Nf3 Nc6 3. d4 exd4 4. Nxd4 Bc5 5. Be3 Qf6 6. c3 Nge7 7. Bc4 O-O 8.
O-O Ne5 9. Be2 Qg6 10. Nd2 d6 11. Bh5 Qf6 12. f4 N5c6 13. Nc2 Qh6 14. Bxc5 dxc5
15. Be2 Rd8 16. Qe1 Ne5 17. Rd1 Nd3 18. Nc4 Qxf4 19. Rxf4 Nxe1 20. Rxd8# 1-0

[Event "ProMoPro Open 2003"]
[Site "?"]
[Date "2003.09.08"]
[Round "3.14"]
[White "Sodoma, Jan"]
[Black "Masek, Miroslav"]
[Result "1-0"]
[WhiteElo "2183"]
[BlackElo "2178"]
[PlyCount "87"]
[EventDate "2003.09.06"]

1. e4 e6 2. d4 d5 3. e5 c5 4. c3 Qb6 5. Nf3 Bd7 6. dxc5 Bxc5 7. Qc2 a5 8. a4
Ne7 9. Bd3 h6 10. O-O Bc6 11. Nbd2 Qc7 12. Nb3 b6 13. Bf4 Nd7 14. Rfe1 g5 15.
Bg3 Nf8 16. Nbd4 Bd7 17. Nb5 Bxb5 18. Bxb5+ Nd7 19. Rad1 Rd8 20. Qb1 Nc6 21.
Rxd5 exd5 22. e6 Bd6 23. Qf5 Ndb8 24. Qf6 O-O 25. Nxg5 fxe6 26. Qg6+ Qg7 27.
Qxe6+ Kh8 28. Bxd6 hxg5 29. Bxf8 Qxf8 30. Bxc6 Nxc6 31. Qxc6 Rd6 32. Qb5 Kg7
33. Qe2 d4 34. cxd4 Rxd4 35. b3 Qd6 36. h3 Rd3 37. Qe7+ Qxe7 38. Rxe7+ Kf6 39.
Re3 Rd4 40. g3 Kf5 41. Kg2 Rb4 42. Kf3 Rd4 43. g4+ Kf6 44. Kg3 {cerny se vzdal}
1-0

[Event "ProMoPro Open 2003"]
[Site "?"]
[Date "2003.09.08"]
[Round "3.15"]
[White "Jinova, Lucie"]
[Black "Hoskovec, Josef"]
[Result "1-0"]
[WhiteElo "2116"]
[BlackElo "1891"]
[PlyCount "79"]
[EventDate "2003.09.06"]

1. e4 c5 2. c3 d5 3. exd5 Qxd5 4. d4 Nc6 5. dxc5 Qxd1+ 6. Kxd1 e5 7. Be3 Nf6 8.
f3 Be6 9. b4 Be7 10. Kc2 O-O 11. Bd3 Nd5 12. Bd2 Rac8 13. Ne2 b6 14. b5 Na5 15.
c6 a6 16. a4 Nc7 17. Na3 Nb3 18. c4 Nxa1+ 19. Rxa1 axb5 20. cxb5 Rfd8 21. Nc4
Bxc4 22. Bxc4 Nd5 23. Bxd5 Rxd5 24. Be3 Bc5 25. Nc3 Rdd8 26. Bxc5 bxc5 27. Ne4
Rd4 28. Kc3 c4 29. a5 Kf8 30. Ra4 Rd3+ 31. Kxc4 Rd4+ 32. Kb3 Rxa4 33. Kxa4 Ke7
34. g4 h6 35. Kb4 g6 36. Kc5 f5 37. gxf5 gxf5 38. Nd6 Rd8 39. a6 e4 40. Nxf5+ {
cerny se vzdal} 1-0

[Event "ProMoPro Open 2003"]
[Site "?"]
[Date "2003.09.08"]
[Round "3.16"]
[White "Vohnout, Pavel"]
[Black "Novak, Vaclav"]
[Result "1/2-1/2"]
[WhiteElo "2008"]
[BlackElo "2113"]
[PlyCount "64"]
[EventDate "2003.09.06"]

1. e4 g6 2. d4 Bg7 3. Nf3 d6 4. h3 c6 5. Be2 Nf6 6. Nbd2 O-O 7. O-O Nbd7 8. c3
b6 9. Qc2 Bb7 10. Re1 e5 11. Nc4 Qc7 12. Bg5 c5 13. d5 h6 14. Bd2 b5 15. Ne3 a6
16. c4 b4 17. Ng4 Kh7 18. Nh4 Nxg4 19. hxg4 Nf6 20. g5 Ng8 21. Bg4 Bc8 22. Qd1
Qe7 23. Bxc8 Raxc8 24. Qg4 h5 25. Qg3 Qd7 26. Re3 Qg4 27. Qxg4 hxg4 28. Rg3 f5
29. gxf6 Nxf6 30. f3 Bh6 31. Bxh6 Kxh6 32. fxg4 Nxe4 {remis} 1/2-1/2

[Event "ProMoPro Open 2003"]
[Site "?"]
[Date "2003.09.08"]
[Round "3.17"]
[White "Kucera, Tomas"]
[Black "Konopka, Lukas"]
[Result "1-0"]
[WhiteElo "2111"]
[BlackElo "1669"]
[PlyCount "49"]
[EventDate "2003.09.06"]

1. c4 g6 2. d4 Nf6 3. Nc3 Bg7 4. e4 d6 5. Bg5 O-O 6. Qd2 Re8 7. Be2 Nbd7 8. f4
c5 9. d5 h6 10. Bh4 Nh7 11. Nf3 f5 12. exf5 gxf5 13. O-O Ndf6 14. Bd3 Nf8 15.
Qc2 Ng6 16. g3 Nxh4 17. Nxh4 Ng4 18. Rae1 e6 19. dxe6 Bxe6 20. Rxe6 Rxe6 21.
Bxf5 Bd4+ 22. Kh1 Qe7 23. Nd5 Qe8 24. Bxg4 Re1 25. Kg2 {cerny se vzdal} 1-0

[Event "ProMoPro Open 2003"]
[Site "?"]
[Date "2003.09.08"]
[Round "3.18"]
[White "Forman, Miroslav"]
[Black "Voboril, Pavel"]
[Result "1/2-1/2"]
[WhiteElo "1828"]
[BlackElo "2109"]
[PlyCount "98"]
[EventDate "2003.09.06"]

1. d4 Nf6 2. Bg5 d5 3. Nd2 Qd6 4. Ngf3 Nbd7 5. c3 e6 6. e3 b6 7. Bb5 a6 8. Bf4
Qe7 {#} 9. Ne5 Bb7 10. Bc6 O-O-O 11. Bg5 h6 12. Bxd7+ Rxd7 13. Nxd7 hxg5 14.
Nxf8 Qxf8 15. Nf3 Ne4 16. Ne5 Qe8 17. Qc2 f6 18. Nd3 Qe7 19. O-O-O Kb8 20. Qa4
a5 21. f3 Nd6 22. Rde1 Rc8 23. h4 Ba6 24. Nb4 axb4 25. Qxa6 bxc3 26. bxc3 Nc4
27. hxg5 c5 28. Rh7 cxd4 29. Reh1 dxe3 30. Rh8 Rf8 31. Rxf8+ Qxf8 32. gxf6 e2
33. f7 e1=Q+ 34. Rxe1 Qxf7 35. Rh1 Qf8 36. Rh4 Qd8 37. Rxc4 dxc4 38. Qxc4 Qg5+
39. f4 Qxg2 40. Qxe6 Ka7 41. f5 Kb7 42. Qd7+ Kb8 43. a4 Ka8 44. Qb5 Ka7 45. c4
Qf1+ 46. Kd2 Qf2+ 47. Kd3 Qf3+ 48. Kd4 Qf4+ 49. Kc3 Qe3+ {remis} 1/2-1/2